Statystyki dla Państwa Europy, które mają najmniej procent posiadania swojego domu

Kliknij tutaj aby rozwiązać quiz!

Ogólne statystyki

  • Ten quiz został rozwiązany 18 razy
  • Średni wynik to 8 z 10

Statystyki odpowiedzi

ProcentPaństwo% Poprawnych
69%Holandia
94%
52%Niemcy
94%
64%Szwecja
94%
55%Austria
88%
65%Francja
88%
61%Dania
81%
43%Szwajcaria
81%
65%Wielka brytania
81%
71%Luksemburg
75%
59%Turcja
69%

Rozkład punktacji

Percentyl według liczby udzielonych odpowiedzi

Procent ludzi z każdym wynikiem

Twoja historia wyników

Nie rozwiązałeś tego quizu